| 000 | 00682nam a22001697a 4500 | ||
|---|---|---|---|
| 020 | _qHard Cover. | ||
| 082 | _a005 | ||
| 100 | _aUneeb Ur Rehman, Rao ; Khawaja Fahad Khalid ; Umer Farooq ; Saad Arshad | ||
| 245 |
_aAcquistion of sensor-based customer data for retail business optimization _cRao Uneeb Ur Rehman ; Khawaja Fahad Khalid ; Umer Farooq ; Saad Arshad |
||
| 260 |
_aIslamabad : _bSEECS - NUST, _c2018. |
||
| 300 |
_aVar. : ill. ; _c30cm. |
||
| 650 | _aComputer Science-Project Report | ||
| 700 |
_aDr. Ali Tahir. _916195 |
||
| 856 | _uhttp://10.250.8.41:8080/xmlui/handle/123456789/29116 | ||
| 942 |
_2ddc _cPR |
||
| 999 |
_c536109 _d536109 |
||